[Event "Mistrzostwa Polski Juniorek Mlodszych do lat 14 - OOM Zachodniopomorskie 2023"]
[Site "Darlowek"]
[Date "1899-12-30"]
[Round "8.11"]
[White "Wieczorek, Maja"]
[Black "Walerjan, Ada"]
[Result "1/2-1/2"]
[WhiteTitle "I"]
[BlackTitle "I"]
[WhiteElo "1308"]
[BlackElo "1219"]

1. e4 e5 2. Nf3 Nc6 3. Bb5 a6 4. Ba4 Nf6 5. Qe2 b5 6. Bb3 Be7 7. a4 b4 8. O-O O-O
9. c3 d5 10. exd5 Nxd5 11. Nxe5 Nxe5 12. Qxe5 c6 13. Bxd5 cxd5 14. d4 Bd6 15.
Qh5 g6 16. Qh6 Re8 17. cxb4 Bxb4 18. Nc3 Bf5 19. Bf4 f6 20. Bg3 Ra7 21. Na2 Ba5
22. Nc3 Rae7 23. f3 Qb6 24. Bf2 Bxc3 25. bxc3 Qb3 26. Qd2 Re2 27. Qc1 Rc2 28.
Ra3 Qc4 29. Qa1 Ree2 30. Qb1 Rb2 31. Qc1 Rxf2 32. Rxf2 Rb1 33. Qxb1 Bxb1 34. Rb2
Qd3 35. h3 Qe3+ 36. Rf2 Bd3 37. Raa2 Kf7 38. Kh2 Bc4 39. Rab2 Kg7 40. Rfc2 Kh6
41. a5 f5 42. Rb7 Qe8 43. g4 fxg4 44. fxg4 g5 45. Rf2 Kg6 46. Rf5 h6 47. Re5 Qc8
48. Rbe7 Kf6 49. Rh7 Qb8 50. Rxh6+ Kf7 51. Rb6 Qc7 52. Kg2 Bb5 53. Rf5+ Ke7 54.
Rxg5 Kf7 55. Rf5+ Kg7 56. Rg5+ Kh7 57. Rh5+ Kg7 58. Rbh6 Qxc3 59. Rh7+ Kf8 60.
Rh8+ Ke7 1/2-1/2

[Event "Mistrzostwa Polski Juniorek Mlodszych do lat 14 - OOM Zachodniopomorskie 2023"]
[Site "Darlowek"]
[Date "1899-12-30"]
[Round "8.12"]
[White "Czarkowska, Dalia"]
[Black "Strzoda, Natalia"]
[Result "1/2-1/2"]
[WhiteTitle "I"]
[BlackTitle "I"]
[WhiteElo "1209"]
[BlackElo "1348"]

1. d4 d5 2. Nf3 Nf6 3. g3 Bf5 4. Bg2 e6 5. c4 c6 6. Qb3 Qb6 7. c5 Qxb3 8. axb3
Be7 9. b4 a6 10. Nc3 h6 11. b5 O-O 12. O-O Ne4 13. Nxe4 Bxe4 14. bxa6 Rxa6 15.
Rxa6 Nxa6 16. Bd2 Bf6 17. Bc3 Nc7 18. Ra1 Ra8 19. Rxa8+ Nxa8 20. Bf1 Bxf3 21.
exf3 b6 22. Ba6 Nc7 23. Bb7 Nb5 24. cxb6 Nxc3 25. bxc3 Bd8 26. Bxc6 Bxb6 27. Bb5
Kf8 28. Kf1 Ke7 29. f4 Kd6 30. Ke2 f6 31. Kd3 e5 32. fxe5+ fxe5 33. f3 Ke6 34.
g4 exd4 35. cxd4 Bc7 36. h4 Bf4 37. h5 Kd6 38. Be8 Ke7 39. Bg6 Ke6 40. Kc3 Be3
41. Kd3 Bf4 1/2-1/2

[Event "Mistrzostwa Polski Juniorek Mlodszych do lat 14 - OOM Zachodniopomorskie 2023"]
[Site "Darlowek"]
[Date "1899-12-30"]
[Round "8.13"]
[White "Lukasik, Aleksandra"]
[Black "Branka, Julia"]
[Result "0-1"]
[WhiteTitle "I"]
[BlackTitle "I"]
[WhiteElo "1236"]
[BlackElo "1324"]

1. e4 c5 2. Nf3 Nc6 3. d4 cxd4 4. Nxd4 g6 5. c4 Nf6 6. Nc3 Nxd4 7. Qxd4 d6 8. Bg5
Bg7 9. Qd2 O-O 10. Bd3 Be6 11. O-O Qa5 12. Rac1 Rfc8 13. b3 a6 14. Nd5 Qxd2 15.
Bxd2 Bxd5 16. exd5 Nd7 17. Bc3 Bxc3 18. Rxc3 b5 19. f4 a5 20. Re1 b4 21. Rc2 Nc5
22. Rd2 Kf8 23. Bc2 Rc7 24. g4 Nd7 25. g5 Nb6 26. h4 a4 27. h5 axb3 28. axb3 Nd7
29. hxg6 hxg6 30. Rh2 Nb6 31. Re3 Ra1+ 32. Kf2 Nxd5 33. Rh8+ Kg7 34. Reh3 Nf6
35. gxf6+ Kxf6 36. Ke3 d5 37. Rb8 dxc4 38. Rxb4 cxb3 39. Bd3 Ra3 40. Rh1 Rc3 41.
Kd4 b2 42. Be4 Rg3 43. Kc4 Rg4 44. Rxb2 Rxf4 45. Re1 Ke5 46. Rb5+ Kf6 47. Kb4
Rg3 48. Rc5 Rgg4 49. Rc4 Kg5 50. Bd3 Rxc4+ 51. Bxc4 e6 52. Kc5 Rf4 53. Rg1+ Kh6
54. Bb3 Kg7 55. Kd6 Rb4 56. Ba2 Rb5 57. Kc6 Rh5 58. Bb3 e5 59. Kd5 f6 60. Bc2
g5 61. Ra1 g4 62. Ra7+ Kh6 63. Ke6 Kg5 64. Rg7+ Kf4 65. Bd1 Rg5 66. Rb7 f5 67.
Rb4+ e4 68. Kf6 g3 69. Bc2 g2 70. Bxe4 fxe4 71. Rxe4+ Kxe4 72. Kxg5 g1=Q+ 73.
Kf6 Qc5 74. Ke6 Qc6+ 75. Ke7 Kf5 76. Kf8 Qd7 77. Kg8 Kg6 78. Kf8 Qf7# 0-1

[Event "Mistrzostwa Polski Juniorek Mlodszych do lat 14 - OOM Zachodniopomorskie 2023"]
[Site "Darlowek"]
[Date "1899-12-30"]
[Round "8.14"]
[White "Dzierzgowska, Jagoda"]
[Black "Oszutowska, Anna"]
[Result "0-1"]
[WhiteTitle "I"]
[BlackTitle "I"]
[WhiteElo "1219"]
[BlackElo "1299"]

1. d4 Nf6 2. Bf4 g6 3. e3 Bg7 4. c4 c5 5. h3 O-O 6. Nf3 cxd4 7. exd4 d5 8. Nc3
Nc6 9. c5 Ne4 10. a3 Re8 11. Nb5 e5 12. dxe5 Nxe5 13. Nxe5 Bxe5 14. Bxe5 Rxe5
15. Qd4 Qf6 16. Be2 Bf5 17. O-O a6 18. Nc3 Rd8 19. Rfe1 Nxc3 20. Qxc3 d4 21. Qa5
Rde8 22. Qd2 Qe7 23. Kf1 Qxc5 24. Rac1 Qe7 25. Bf3 Bd3+ 26. Be2 Bxe2+ 27. Rxe2
Rxe2 28. Qa5 d3 0-1

[Event "Mistrzostwa Polski Juniorek Mlodszych do lat 14 - OOM Zachodniopomorskie 2023"]
[Site "Darlowek"]
[Date "1899-12-30"]
[Round "8.15"]
[White "Walewska, Natalia"]
[Black "Miklosz, Malgorzata"]
[Result "0-1"]
[WhiteTitle "I"]
[BlackTitle "I"]
[WhiteElo "1297"]
[BlackElo "1226"]

1. c4 c5 2. Nc3 Nf6 3. e4 Nc6 4. g3 e5 5. Bg2 g6 6. Nge2 Bg7 7. O-O d6 8. d3 Nd4
9. h3 Bd7 10. Be3 O-O 11. Qc1 Qc8 12. Kh2 Re8 13. Bh6 Nxe2 14. Nxe2 b5 15. Bxg7
Kxg7 16. b3 a5 17. Nc3 b4 18. Nd5 Nxd5 19. exd5 a4 20. f4 axb3 21. axb3 Rxa1 22.
Qxa1 Qa8 23. Qb2 Qa3 24. Qf2 f5 25. Qc2 Ra8 26. fxe5 dxe5 27. Qe2 Kf6 28. Re1
Re8 29. Rb1 Qa6 30. Qf2 Rc8 31. g4 Kg7 32. gxf5 Bxf5 33. Be4 Bxe4 34. dxe4 Rf8
35. Qe2 Qf6 36. Kg2 Qg5+ 37. Kh2 Qf4+ 38. Kg1 Qg3+ 39. Qg2 Qe3+ 40. Kh1 Rf3 41.
Qg4 Rg3 42. Qxg3 Qxg3 43. Ra1 Qxh3+ 44. Kg1 Qg4+ 45. Kf2 Qf4+ 46. Kg1 Qe3+ 47.
Kf1 Qd3+ 48. Kg2 Qxe4+ 49. Kh2 Qf4+ 50. Kg2 e4 51. Ra7+ Kh6 52. Ra6 Qf3+ 53. Kh2
Qf2+ 54. Kh1 e3 55. Re6 e2 56. d6 e1=Q+ 57. Rxe1 Qxe1+ 58. Kg2 Qd2+ 59. Kh1 g5
60. d7 Qxd7 0-1

[Event "Mistrzostwa Polski Juniorek Mlodszych do lat 14 - OOM Zachodniopomorskie 2023"]
[Site "Darlowek"]
[Date "1899-12-30"]
[Round "8.16"]
[White "Opalka, Marta"]
[Black "Doskocz, Dominika"]
[Result "1-0"]
[WhiteTitle "I"]
[BlackTitle "I"]
[WhiteElo "1330"]
[BlackElo "1193"]

1. Nf3 d5 2. e3 Nf6 3. b3 b6 4. Bb2 Bb7 5. c4 e6 6. Qc2 Nbd7 7. Nc3 Bd6 8. d4 e5
9. dxe5 Nxe5 10. cxd5 Nxf3+ 11. gxf3 Nxd5 12. Bb5+ c6 13. Nxd5 cxb5 14. Bxg7 Rg8
15. Nf6+ Ke7 16. Nxg8+ Qxg8 17. Qb2 Bb4+ 18. Ke2 Bd6 19. Qf6+ Ke8 20. Rhd1 Be7
21. Qe5 1-0

[Event "Mistrzostwa Polski Juniorek Mlodszych do lat 14 - OOM Zachodniopomorskie 2023"]
[Site "Darlowek"]
[Date "1899-12-30"]
[Round "8.17"]
[White "Nurkiewicz, Anna"]
[Black "Swiderska, Jagoda"]
[Result "0-1"]
[WhiteTitle "I+"]
[BlackTitle "I"]
[WhiteElo "1361"]
[BlackElo "1186"]

1. d4 f5 2. g3 e6 3. Bg2 Nf6 4. c4 Be7 5. Nf3 O-O 6. O-O d6 7. Nc3 Ne4 8. Qc2 Nxc3
9. Qxc3 Bf6 10. e3 Qe8 11. b3 Nc6 12. Ba3 Rf7 13. Rac1 e5 14. Rfd1 g5 15. dxe5
dxe5 16. Qc2 h5 17. Ne1 Rg7 18. Nd3 h4 19. Re1 Qg6 20. Nb2 hxg3 21. hxg3 e4 22.
Na4 Ne5 23. Red1 Nf3+ 24. Kf1 f4 25. Bxf3 exf3 26. Qxg6 Rxg6 27. gxf4 gxf4 28.
e4 Bh3+ 29. Ke1 Re8 30. Kd2 Rxe4 31. Nc3 Rd4+ 32. Kc2 Bf5+ 33. Kb2 Rxd1 34. Rxd1
Rg2 35. Rd2 Rg1 36. Bb4 c5 37. Bxc5 Rb1+ 38. Ka3 Bxc3 39. Rd8+ Kg7 40. Bxa7 Re1
41. Bc5 Re6 42. b4 Bc2 43. Rd6 Rxd6 44. Bxd6 Bd4 45. Bxf4 Bxf2 46. Kb2 Bd4+ 0-1

[Event "Mistrzostwa Polski Juniorek Mlodszych do lat 14 - OOM Zachodniopomorskie 2023"]
[Site "Darlowek"]
[Date "1899-12-30"]
[Round "8.18"]
[White "Kawala, Camilla"]
[Black "Mansz, Martyna"]
[Result "1/2-1/2"]
[WhiteTitle "II"]
[BlackTitle "I"]
[WhiteElo "1110"]
[BlackElo "1208"]

1. e4 e5 2. Nf3 Nf6 3. Nc3 Nc6 4. d3 h6 5. Be3 d6 6. h3 Be7 7. Be2 Be6 8. Qd2 Qd7
9. d4 exd4 10. Nxd4 Nxd4 11. Bxd4 O-O 12. f4 Qd8 13. f5 Bc8 14. O-O-O c5 15. Be3
a6 16. g4 Nh7 17. Nd5 Bf6 18. Nxf6+ Nxf6 19. e5 Ne4 20. Qe1 Qe7 21. exd6 Qd7 22.
Bf3 Re8 23. Bxe4 Rxe4 24. Qg3 b6 25. Rhe1 Bb7 26. h4 Rae8 27. Bf4 Rxe1 28. Rxe1
Rxe1+ 29. Qxe1 Kf8 30. f6 Qxg4 31. fxg7+ Kxg7 32. Qe5+ Kh7 33. b3 Bc6 34. a3 Qg1+
35. Kd2 Qg2+ 36. Kc1 Qg1+ 37. Kd2 Qg2+ 38. Kc3 Qg7 39. Qxg7+ Kxg7 40. h5 Bd7 41.
Kd3 f5 1/2-1/2

[Event "Mistrzostwa Polski Juniorek Mlodszych do lat 14 - OOM Zachodniopomorskie 2023"]
[Site "Darlowek"]
[Date "1899-12-30"]
[Round "8.19"]
[White "Mitrega, Lena"]
[Black "Woytitzki, Sophie"]
[Result "1-0"]
[WhiteTitle "II"]
[BlackTitle "II"]
[WhiteElo "1187"]
[BlackElo "1156"]

1. e4 e5 2. Nf3 Nc6 3. Bc4 Nf6 4. Ng5 d5 5. exd5 Na5 6. Bb5+ c6 7. dxc6 bxc6 8.
Ba4 h6 9. Nf3 e4 10. Ne5 Qd5 11. f4 exf3 12. Nxf3 Bc5 13. d4 O-O 14. O-O Bd6 15.
Bd2 Ne4 16. Bxa5 Qxa5 17. Bxc6 Ba6 18. Bxe4 Rab8 19. Bd3 Bb7 20. Bc4 Qh5 21. h3
Qg6 22. Qd2 Rbe8 23. Ne5 Rxe5 24. dxe5 Bc5+ 25. Kh1 Qg3 26. Bd5 Rd8 27. Qf4 Qxf4
28. Rxf4 Rxd5 29. Rf1 Rxe5 30. Nd2 Re2 31. Nf3 h5 32. Rae1 Bxf3 33. gxf3 Rd2 34.
Rd1 Rxc2 35. Rc1 Rf2 36. Rxf2 Bxf2 37. a4 g5 38. Kg2 Bd4 39. b3 f5 40. Rd1 Be3
41. Rd3 Bb6 42. Rd5 Kg7 43. Rxf5 Kg6 44. Rd5 h4 45. b4 Be3 46. b5 Bb6 47. Rd2
Kf6 48. Ra2 Ba5 49. Rc2 Bb6 50. Kf1 Ke5 51. Rc4 Kd5 52. Rc8 Kd6 53. Rg8 Be3 54.
Ke2 Bf4 55. Rg7 Kc5 56. Rxa7 Kb6 57. Ra8 Kb7 58. Ra6 Kc7 59. a5 Kb7 60. Re6 Ka7
61. a6 Ka8 62. b6 Kb8 63. Re8# 1-0

[Event "Mistrzostwa Polski Juniorek Mlodszych do lat 14 - OOM Zachodniopomorskie 2023"]
[Site "Darlowek"]
[Date "1899-12-30"]
[Round "8.20"]
[White "Kretowicz, Daria"]
[Black "Oleksiuk, Anna"]
[Result "1-0"]
[WhiteTitle "I"]
[BlackTitle "II"]
[WhiteElo "1163"]
[BlackElo "1119"]

1. e4 c5 2. Nf3 d6 3. d4 cxd4 4. Nxd4 Nf6 5. Nc3 a6 6. Bg5 e6 7. Be2 Nbd7 8. O-O
Be7 9. Qd2 h6 10. Be3 O-O 11. f4 Qc7 12. f5 e5 13. Nb3 Nc5 14. Nxc5 dxc5 15. Bxh6
Nh7 16. Rf3 gxh6 17. Qxh6 Bg5 18. Rg3 f6 19. h4 Qg7 20. hxg5 fxg5 21. Qxg7+ Kxg7
22. Rd1 b6 23. Rd6 b5 24. Rd5 b4 25. Na4 Bb7 26. Rxe5 Rae8 27. Rxe8 Rxe8 28. Nxc5
Bxe4 29. Nxe4 Rxe4 30. Kf2 Re5 31. Bd3 Ra5 32. Bc4 Rxf5+ 33. Rf3 Rxf3+ 34. Kxf3
a5 35. c3 bxc3 36. bxc3 Kf6 37. Ke4 Nf8 38. g4 Nd7 39. Kd4 Ke7 40. Bb5 Nf6 41.
Be2 Kd6 42. c4 Nd7 43. Bd1 Nc5 44. Bb3 Ne6+ 45. Ke4 Nf4 46. Kf5 Nh3 47. Bc2 Kc5
48. Bd3 Nf2 49. Be2 Nxg4 50. Kxg4 Kd4 51. Kxg5 Ke5 52. Kg4 Ke4 53. Kg3 Ke5 54.
Bd1 Ke4 55. Bb3 Ke5 56. Ba4 Kd4 57. Bb5 a4 58. a3 Kc5 59. Kf4 Kd4 60. Kf5 Kc5
61. Ke5 Kb6 62. Kd6 Ka5 63. Bxa4 Kxa4 64. c5 1-0

[Event "Mistrzostwa Polski Juniorek Mlodszych do lat 14 - OOM Zachodniopomorskie 2023"]
[Site "Darlowek"]
[Date "1899-12-30"]
[Round "8.21"]
[White "Wrona, Faustyna"]
[Black "Gancarz, Julia"]
[Result "1-0"]
[WhiteTitle "II+"]
[BlackTitle "II"]
[WhiteElo "1046"]
[BlackElo "1057"]

1. e4 e5 2. Nf3 Nc6 3. d4 exd4 4. Nxd4 Bc5 5. Nb3 Bb6 6. a4 a6 7. Nc3 Nf6 8. Qe2
d6 9. Be3 Bxe3 10. Qxe3 O-O 11. O-O-O b5 12. a5 b4 13. Nd5 Be6 14. f3 Ne7 15.
Nxf6+ gxf6 16. Nd4 Qd7 17. f4 f5 18. Qg3+ Kh8 19. exf5 Bxf5 20. Nxf5 Qxf5 21.
Bd3 Qxa5 22. Kb1 b3 23. cxb3 Rab8 24. Qh3 Ng6 25. Be4 Qb4 26. Bc2 c6 27. g3 a5
28. f5 Ne7 29. Qh6 f6 30. Rhe1 Ng8 31. Qd2 Qxd2 32. Rxd2 d5 33. g4 Rb4 34. Rg1
Rfb8 35. Bd1 Ne7 36. Rf2 c5 37. g5 fxg5 38. Rxg5 Ng8 39. f6 Rf8 40. f7 Nh6 41.
Rxd5 c4 42. Rd7 cxb3 43. Re7 Rbb8 44. Ra7 Kg7 45. Rg2+ Kh8 46. Rf2 Kg7 47. Rxa5
Rxf7 48. Rg5+ Kh8 49. Rxf7 Nxf7 50. Rg3 Nh6 51. Rxb3 Rf8 52. Rf3 Rd8 53. Bc2 Rd2
54. Rh3 Kg7 55. Kc1 Rf2 56. Bd3 Rf4 57. Kd2 Rb4 58. Kc3 Rb8 59. Rh4 Rf8 60. b4
Nf5 61. Rg4+ Kh8 62. Rf4 Rc8+ 63. Kb3 Nd6 64. Rf6 Ne8 65. Rf7 Ng7 66. b5 Rb8 67.
Kb4 h6 68. Rf6 Ne8 69. Rxh6+ Kg7 70. Rh7+ Kf6 71. Rh8 Kg7 72. Rh7+ Kf6 73. Rh6+
Kg5 74. Rg6+ Kh4 75. Rg8 Rc8 76. Bg6 Nd6 77. Rxc8 Nxc8 78. Bf5 Nd6 79. Be6 Nxb5
80. Kxb5 Kg5 81. h3 Kf4 82. Kc6 Ke5 83. Bc4 Kf4 84. Kd6 Kg3 85. Bf1 Kh4 86. Ke6
Kg5 87. Kf7 Kh5 88. Kg7 Kg5 89. Be2 Kh4 90. Bg4 Kg5 91. Kh7 Kh4 92. Kg6 1-0

[Event "Mistrzostwa Polski Juniorek Mlodszych do lat 14 - OOM Zachodniopomorskie 2023"]
[Site "Darlowek"]
[Date "1899-12-30"]
[Round "8.22"]
[White "Rduch, Diana"]
[Black "Bastrzyk, Kinga"]
[Result "1/2-1/2"]
[WhiteTitle "I"]
[BlackTitle "II+"]
[WhiteElo "1128"]
[BlackElo "1175"]

1. e4 c5 2. a3 a6 3. b4 e6 4. bxc5 Bxc5 5. d4 Be7 6. f4 d5 7. e5 Nh6 8. Bd3 Nc6
9. c3 Qc7 10. Nf3 O-O 11. h4 Na5 12. Ng5 Nf5 13. g4 Bxg5 14. hxg5 Ng3 15. Bxh7+
Kh8 16. Rh3 g6 17. Bxg6+ Kg7 18. Rxg3 fxg6 19. Rh3 Bd7 20. Ra2 Nc4 21. Rah2 Rh8
22. Rxh8 Rxh8 23. Rxh8 Kxh8 24. Qb3 Bc6 25. Qc2 Qh7 26. Qg2 Ba4 27. Nd2 Ne3 28.
Qg1 Qh3 29. Nf1 Nxg4 30. Qg3 Qh5 1/2-1/2

[Event "Mistrzostwa Polski Juniorek Mlodszych do lat 14 - OOM Zachodniopomorskie 2023"]
[Site "Darlowek"]
[Date "1899-12-30"]
[Round "8.23"]
[White "Szczepanska, Jagoda"]
[Black "Pietrzak, Antonina"]
[Result "1/2-1/2"]
[WhiteTitle "II+"]
[BlackTitle "I"]
[WhiteElo "1107"]
[BlackElo "1104"]

1. e4 e5 2. Nf3 Nc6 3. Bc4 Bc5 4. d3 d6 5. h3 h6 6. Nc3 Nf6 7. Be3 Bb6 8. Bb3 Bd7
9. a3 Qe7 10. Qe2 Nh5 11. Nd5 Ba5+ 12. Nd2 Qh4 13. g3 Bxd2+ 14. Kxd2 Nxg3 15.
fxg3 Qd8 16. Raf1 Na5 17. Ba2 c5 18. g4 Nc6 19. Qf3 Be6 20. h4 Qd7 21. g5 h5 22.
Qg3 O-O-O 23. Kc1 g6 24. Qe1 b6 25. Qc3 Kb8 26. Kb1 Rhf8 27. Qd2 Qe8 28. Bb3 Na5
29. Ba2 Nc6 30. c4 Qd7 31. Qc2 Qb7 32. Bb3 a6 33. Ba4 Ka8 34. Bxc6 Qxc6 35. Qc3
Qb7 1/2-1/2

[Event "Mistrzostwa Polski Juniorek Mlodszych do lat 14 - OOM Zachodniopomorskie 2023"]
[Site "Darlowek"]
[Date "1899-12-30"]
[Round "8.24"]
[White "Lecka, Hanna"]
[Black "Socha, Maja"]
[Result "1/2-1/2"]
[WhiteTitle "II+"]
[BlackTitle "II+"]
[WhiteElo "1105"]
[BlackElo "1073"]

1. e4 c5 2. c3 g6 3. d4 cxd4 4. cxd4 d5 5. e5 Bg7 6. Nc3 Nc6 7. Bb5 Nh6 8. h3 O-O
9. Nf3 Bf5 10. O-O Be4 11. Bxc6 bxc6 12. Nxe4 dxe4 13. Ng5 Nf5 14. Nxe4 Nxd4 15.
Bf4 Qd5 16. Nc3 Qc5 17. Ne2 Rfd8 18. Rc1 Qb4 19. Nc3 Ne6 20. Bd2 Bxe5 21. Qc2
Nd4 22. Qe4 Bf6 23. Rb1 Qd6 24. Be3 Qe5 25. Qxe5 Bxe5 26. Rfd1 Rab8 27. Rd2 Rd7
28. Rbd1 Rbd8 29. Bxd4 Rxd4 30. Rxd4 Rxd4 31. Rxd4 Bxd4 32. Kf1 Bxc3 33. bxc3
Kg7 34. Ke2 Kf6 35. Kd3 Ke5 36. c4 c5 37. Ke3 f5 38. f4+ Kd6 39. g4 e5 40. g5
e4 41. h4 a6 42. a3 a5 43. a4 Ke6 1/2-1/2

[Event "Mistrzostwa Polski Juniorek Mlodszych do lat 14 - OOM Zachodniopomorskie 2023"]
[Site "Darlowek"]
[Date "1899-12-30"]
[Round "8.25"]
[White "Cheda, Julia"]
[Black "Szczap, Malgorzata"]
[Result "0-1"]
[WhiteTitle "II"]
[BlackTitle "II"]
[WhiteElo "1068"]
[BlackElo "1103"]

1. c4 e6 2. Nf3 d5 3. cxd5 exd5 4. Nc3 c5 5. g3 Nf6 6. Bg2 Nc6 7. O-O Be6 8. d3
Be7 9. Bd2 Qc7 10. Bf4 Qd7 11. Rb1 Bd6 12. Bxd6 Qxd6 13. Nb5 Qd7 14. d4 a6 15.
Nc3 b6 16. Ne5 Qd6 17. Nxc6 Qxc6 18. Re1 O-O 19. e4 Rad8 20. exd5 Bxd5 21. Bxd5
Nxd5 22. Rc1 Nxc3 23. bxc3 Qf6 24. Re4 cxd4 25. Rxd4 Rxd4 26. Qxd4 Qxd4 27. cxd4
Rb8 28. Kf1 Kf8 29. Ke2 Ke7 30. Ke3 Ke6 31. g4 g6 32. Rc7 h6 33. h4 a5 34. Rc2
b5 35. Rd2 Kd5 36. Rc2 a4 37. Rc5+ Kd6 38. Kd3 b4 39. Rc1 b3 40. axb3 axb3 41.
Rb1 Kd5 42. Kc3 b2 43. Rxb2 Rxb2 44. Kxb2 Kxd4 45. Kc2 Ke4 46. Kd2 Kf4 47. Ke2
Kxg4 48. f3+ Kxh4 49. Kf2 f5 50. Kg2 Kg5 51. Kg3 f4+ 52. Kh3 h5 53. Kg2 h4 54.
Kh3 Kh5 55. Kh2 g5 56. Kh3 Kg6 57. Kg4 Kf6 58. Kh3 Kf5 59. Kh2 g4 60. fxg4+ Kxg4
61. Kg2 h3+ 62. Kh2 Kh4 63. Kg1 Kg3 64. Kh1 f3 65. Kg1 f2+ 66. Kh1 f1=Q# 0-1

[Event "Mistrzostwa Polski Juniorek Mlodszych do lat 14 - OOM Zachodniopomorskie 2023"]
[Site "Darlowek"]
[Date "1899-12-30"]
[Round "9.1"]
[White "Chmielek, Kamelia"]
[Black "Natoli, Alessia"]
[Result "1/2-1/2"]
[WhiteTitle "I+"]
[BlackTitle "k"]
[WhiteElo "1420"]
[BlackElo "1838"]

1. e4 c5 2. Nf3 e6 3. d4 cxd4 4. Nxd4 a6 5. c4 Nf6 6. Nc3 Qc7 7. Be2 Bb4 8. Qd3
O-O 9. O-O b6 10. a3 Bxc3 11. bxc3 Bb7 12. f3 h6 13. Be3 d5 14. exd5 exd5 15.
Bd2 Nbd7 16. cxd5 Bxd5 17. Qf5 Rfe8 18. Rfe1 Qe5 19. Bxa6 Qxf5 20. Rxe8+ Nxe8
21. Nxf5 Be6 22. Bb7 Ra7 23. Be4 Nc5 24. Nd4 Nxe4 25. fxe4 Nd6 26. Nxe6 fxe6 27.
Be3 Ra6 28. e5 Nc4 29. Bd4 b5 30. Rb1 Nxa3 31. Rb3 Ra5 1/2-1/2

[Event "Mistrzostwa Polski Juniorek Mlodszych do lat 14 - OOM Zachodniopomorskie 2023"]
[Site "Darlowek"]
[Date "1899-12-30"]
[Round "9.2"]
[White "Obukhava, Anastasiya"]
[Black "Gaszka, Zuzanna"]
[Result "0-1"]
[WhiteTitle "I"]
[BlackTitle "I++"]
[WhiteElo "1610"]
[BlackElo "1740"]

1. d4 Nf6 2. Nf3 g6 3. e3 Bg7 4. c4 d6 5. b3 c5 6. Bb2 cxd4 7. Nxd4 O-O 8. Be2
Nc6 9. O-O a6 10. Nd2 Qc7 11. Rc1 e5 12. Nxc6 bxc6 13. Nf3 Bg4 14. Nd2 Bf5 15.
f4 Qa7 16. c5 exf4 17. exf4 Rfe8 18. Bxf6 Bxf6 19. Nf3 Bb2 20. Re1 Bxc1 21. Qxc1
Bg4 22. b4 a5 23. a3 axb4 24. axb4 dxc5 25. bxc5 Qa2 26. Kf2 Bxf3 27. gxf3 Ra3
28. Qd1 Rae3 29. f5 R3e5 30. fxg6 hxg6 31. f4 Re4 32. Kf3 Qa3+ 0-1

[Event "Mistrzostwa Polski Juniorek Mlodszych do lat 14 - OOM Zachodniopomorskie 2023"]
[Site "Darlowek"]
[Date "1899-12-30"]
[Round "9.3"]
[White "Moczala, Maja"]
[Black "Michalska, Lena"]
[Result "1/2-1/2"]
[WhiteTitle "I++"]
[BlackTitle "I"]
[WhiteElo "1707"]
[BlackElo "1405"]

1. e4 g6 2. d4 Bg7 3. Nc3 c6 4. f4 d6 5. Nf3 b5 6. a3 a6 7. Be2 Nd7 8. O-O Bb7
9. h3 e6 10. Be3 Ne7 11. Qd2 O-O 12. g4 f5 13. Ng5 Qc8 14. Nxe6 Rf7 15. Nxg7 Rxg7
16. Kh2 Nf6 17. e5 Nfd5 18. exd6 Qe6 19. dxe7 Nxe3 20. Rfe1 Rxe7 21. Bf3 Rae8
22. Kg3 Qf7 23. g5 Nc4 24. Rxe7 Qxe7 25. Qc1 Qd7 26. Ne2 c5 27. Bxb7 Qxb7 28.
Ng1 Re3+ 29. Kf2 Qe4 30. Qd1 Qxf4+ 31. Kg2 Rg3+ 32. Kh1 Qf2 33. Qf1 Qxd4 34. Rd1
Qe4+ 35. Kh2 Rxg5 36. Nf3 Qxc2+ 37. Kh1 Ne3 38. Rd8+ Kg7 39. Rd7+ Kh6 40. Rxh7+
Kxh7 41. Nxg5+ Kh6 42. Qg1 Qg2+ 43. Qxg2 Nxg2 44. Ne6 Ne3 45. Nxc5 Nc4 46. Nxa6
Nxb2 47. Nc7 Kg5 48. Nxb5 Kf4 49. Kg2 Nc4 50. a4 1/2-1/2

[Event "Mistrzostwa Polski Juniorek Mlodszych do lat 14 - OOM Zachodniopomorskie 2023"]
[Site "Darlowek"]
[Date "1899-12-30"]
[Round "9.4"]
[White "Wojs, Alicja"]
[Black "Kawka, Milena"]
[Result "0-1"]
[WhiteTitle "I++"]
[BlackTitle "I+"]
[WhiteElo "1639"]
[BlackElo "1522"]

1. e4 c5 2. Nf3 Nc6 3. d4 cxd4 4. Nxd4 Nf6 5. Nc3 d6 6. g3 g6 7. Bg2 Nxd4 8. Qxd4
Bg7 9. O-O O-O 10. Qd3 Nd7 11. h3 Nc5 12. Qe2 Bd7 13. Rb1 Rc8 14. Nd5 e6 15. Ne3
Qc7 16. b3 Bc6 17. Nd1 d5 18. exd5 exd5 19. Bf4 Qd7 20. Ne3 d4 21. Nc4 Bxg2 22.
Kxg2 Qc6+ 23. Qf3 Ne6 24. Qxc6 Nxf4+ 25. gxf4 Rxc6 26. Rbd1 b5 27. Na3 a6 28.
Rd3 Rd8 29. c4 Bf8 30. cxb5 Rc3 31. Rfd1 Rxd3 32. Rxd3 Bxa3 33. bxa6 Bc5 34. Kf3
f5 35. Kg3 Kf7 36. Kf3 Ke6 37. a7 Kd5 38. Ke2 Ra8 39. a4 Rxa7 40. f3 Bd6 41. Kd2
Bxf4+ 42. Kc2 Bd6 43. Kd2 Bb4+ 44. Ke2 Bc3 45. Kd1 Kc5 46. Kc2 Re7 47. f4 Kb4
0-1

[Event "Mistrzostwa Polski Juniorek Mlodszych do lat 14 - OOM Zachodniopomorskie 2023"]
[Site "Darlowek"]
[Date "1899-12-30"]
[Round "9.5"]
[White "Babinska, Liwia"]
[Black "Duda, Aleksandra"]
[Result "1-0"]
[WhiteTitle "I"]
[BlackTitle "I++"]
[WhiteElo "1294"]
[BlackElo "1570"]

1. e4 c5 2. Nf3 Nc6 3. d4 cxd4 4. Nxd4 g6 5. Nc3 Bg7 6. Be3 Nf6 7. Bc4 O-O 8. Bb3
d6 9. f3 Bd7 10. Qd2 Na5 11. O-O-O Nxb3+ 12. Nxb3 b5 13. h4 h5 14. Nd4 b4 15.
Nd5 Nxd5 16. exd5 Qa5 17. Kb1 Qxd5 18. Bh6 Qc5 19. Bxg7 Kxg7 20. Nb3 Qb5 21. g4
Rh8 22. Qd4+ Kg8 23. Rde1 Be6 24. Qe4 Qd5 25. Qxb4 Qxf3 26. gxh5 Qxh5 27. Qf4
Qd5 28. Rd1 Qc4 29. Qg5 Rc8 30. Rc1 Kf8 31. h5 Qg4 32. Qe3 Rxh5 33. Rxh5 Qxh5
34. Qxa7 Bxb3 35. axb3 Qf5 36. Qd4 Kg8 37. Qe3 e6 38. Qh6 g5 39. Qh2 Qf4 40. Qh6
Qd2 41. b4 Qg2 42. b5 g4 43. b6 g3 44. b7 Qxb7 45. Rh1 Qxh1+ 46. Qxh1 f5 47. Qh3
Kf7 48. Qxg3 e5 49. Qf3 Kf6 50. Qh5 e4 51. Qh6+ Ke5 52. Qg7+ Kf4 53. Qd4 Rd8 54.
Kc1 d5 55. Kd2 Kg4 56. Qg7+ Kf3 57. Qf6 e3+ 58. Ke1 Ra8 59. Qxf5+ Kg3 60. Qxd5
1-0

[Event "Mistrzostwa Polski Juniorek Mlodszych do lat 14 - OOM Zachodniopomorskie 2023"]
[Site "Darlowek"]
[Date "1899-12-30"]
[Round "9.6"]
[White "Konkol, Sandra"]
[Black "Kicinska, Anna"]
[Result "0-1"]
[WhiteTitle "I+"]
[BlackTitle "I++"]
[WhiteElo "1468"]
[BlackElo "1424"]

1. c4 e5 2. Nc3 Bb4 3. e4 Bxc3 4. bxc3 d6 5. g3 Nc6 6. Bg2 Be6 7. d3 Nge7 8. Ne2
Qd7 9. O-O Bh3 10. f4 Bxg2 11. Kxg2 f5 12. exf5 Nxf5 13. d4 e4 14. d5 Nb8 15.
Nd4 Na6 16. Ne6 Nc5 17. Re1 Nxe6 18. Rxe4 O-O-O 19. Rxe6 g6 20. Bd2 Rde8 21. Re1
Rxe1 22. Qxe1 Re8 23. Qf2 b6 24. Re1 Qa4 25. Rxe8+ Qxe8 26. g4 Qe4+ 27. Kg1 Ng7
28. Qd4 Qb1+ 29. Kf2 Qxa2 30. Kg3 Qc2 31. Be3 Ne8 32. Qh8 Qe4 33. Kf2 a5 34. Qxh7
a4 35. Qg8 a3 36. Bc1 a2 37. Bb2 Qxf4+ 38. Ke2 Qxc4+ 39. Kd2 Qe4 40. Qe6+ Qxe6
41. dxe6 Kd8 42. Kc2 Ke7 43. Kb3 Kxe6 44. Kxa2 Nf6 45. h3 Ne4 46. h4 Nf2 47. g5
Nd1 48. Ba1 Kf5 49. c4 Ne3 50. Kb3 Ng2 51. Bf6 c6 52. Bd8 Nxh4 53. Bxb6 Nf3 54.
Bc7 d5 55. cxd5 cxd5 56. Kc3 Nxg5 57. Kd3 Ne6 58. Bb6 g5 59. Bg1 Kg4 60. Be3 Kh4
61. Ke2 Kg3 62. Bf2+ Kg2 63. Be1 g4 64. Ke3 g3 65. Ke2 Kh2 0-1

[Event "Mistrzostwa Polski Juniorek Mlodszych do lat 14 - OOM Zachodniopomorskie 2023"]
[Site "Darlowek"]
[Date "1899-12-30"]
[Round "9.7"]
[White "Kucia, Kinga"]
[Black "Klintsevich, Aliaksandra"]
[Result "1-0"]
[WhiteTitle "I"]
[BlackTitle "I"]
[WhiteElo "1253"]
[BlackElo "1541"]

1. d4 d5 2. c4 e6 3. Nc3 c6 4. cxd5 exd5 5. Nf3 Nf6 6. Bg5 Be7 7. Qc2 O-O 8. e3
Bg4 9. Be2 Nbd7 10. O-O h6 11. Bh4 Re8 12. Rab1 Ne4 13. Bxe7 Qxe7 14. h3 Bh5 15.
Rfc1 f5 16. Nxe4 fxe4 17. Nh2 Bxe2 18. Qxe2 Qg5 19. Qg4 Qxg4 20. Nxg4 h5 21. Nh2
g5 22. b4 a6 23. a4 Rec8 24. Nf1 Nb6 25. a5 Nc4 26. Ng3 h4 27. Nxe4 dxe4 28. Rxc4
Kg7 29. Rc5 Kg6 30. Re5 Re8 31. Rxe8 Rxe8 32. Rc1 Re6 33. Rc5 Kf6 34. Kf1 Kg6
35. Ke1 Re7 36. Ke2 Re8 37. f3 Re7 38. fxe4 Rxe4 39. Kf3 Re7 40. Ke2 Re8 41. Kd3
Rf8 42. Ke2 Re8 43. Re5 Rb8 44. Rc5 Re8 45. Re5 Rb8 46. Rc5 Re8 47. d5 cxd5 48.
Rxd5 Re4 49. Rd4 Re5 50. Rd6+ Kf7 51. Rd7+ Re7 52. Rxe7+ Kxe7 53. Kf3 Kf6 54.
Kg4 1-0